[Recenzia na knihu: Na obranu nerůstu]
Recenzia na publikáciu autora Giorgos Kallis s názvom Na obranu nerůstu.
Saved in:
| Main Author: | |
|---|---|
| Format: | Book Chapter |
| Language: | Slovak |
| Subjects: | |
| Tags: |
No Tags, Be the first to tag this record!
|
MARC
| LEADER | 00000naa a2200000 4500 | ||
|---|---|---|---|
| 001 | 0307619 | ||
| 005 | 20250321111643.1 | ||
| 041 | 0 | |a slo | |
| 044 | |a SK | ||
| 245 | 1 | 0 | |a [Recenzia na knihu: Na obranu nerůstu] |c Tomáš Imrich Profant |
| 520 | |a Recenzia na publikáciu autora Giorgos Kallis s názvom Na obranu nerůstu. | ||
| 610 | 2 | 0 | |a politika |
| 610 | 2 | 0 | |a vedy spoločenské |
| 610 | 2 | 0 | |a recenzie |
| 100 | 1 | |a Profant, Tomáš Imrich, 1983- | |